000
00265nam a22001217a 4500
008
180206b xxu||||| |||| 00| 0 eng d
041
_a
eng
080
_a
33
100
_a
59
101
_a
bis
245
_a
legal environment business
_c
swim.k.d
942
_2
udc
_c
BK
999
_c
41920
_d
41920